000 00627nam a2200229Ia 4500
005 20250508170008.0
008 008 250505s9999 xx 000 0 eng d
020 _a978-1-5264-2399-3
037 _aReference
040 _aFEDL
_beng
_cFEDL
041 _aeng
_2eng
084 _a372.2, REA/RR
_qFEDL
100 _aReardon Denise
_9782639
245 0 _aEarly years teaching and learning
250 _a3
260 _aLondon, UK
_bSage
_c2018
300 _axiv, 255p.
365 _aGBP
_b23.99
700 _a Wilson Dilys Reed Dympna
_9782640
942 _cREF
_h372.2, REA/RR
999 _c1398590
_d1398590